| 000 | 00452nam a2200157 a 4500 | ||
|---|---|---|---|
| 005 | 20210219153228.0 | ||
| 008 | 991125n 000 0 spa u | ||
| 035 | _aUPN01000084740 | ||
| 100 | _aPena, Antonio | ||
| 222 | _aPERFILES EDUCATIVOS | ||
| 245 | _aLa investigación científica en México estado actual : algunos problemas y perspectivas | ||
| 300 | _a9-18 | ||
| 362 | _a1995 No. 68, ene.-mar. | ||
| 904 |
_aAC _b022551 |
||
| 905 | _aArticulo | ||
| 999 |
_c71450 _d71450 |
||